01367nam a2200325 a 4500001001000000003000500010005001700015008004100032010001100073011001100084040000900095090001000104100003200114245011300146260004100259500006000300502010900360590004000469590004000509650004200549650003100591650003100622856007000653901000700723942001000730942000600740999001900746952014000765952013600905000112915CHAP20220329144328.0170214s2016 mx sm |||||||spa d a109376 a110348 cCHAP aTesis1 aOlvera Cruz, Daniel913149810aHongos causantes de enfermedades en poscosecha en higo (Ficus carica)h[En línea]cpor Daniel Olvera Cruz. aChapingo, Méx. :bEl autor,c2016. aPara ver el contenido del material haga clic en la liga aTesis (Ing. Agr. Esp. en Parasitología Agrícola) -- UACH. Departamento de Parasitología Agrícola aE5765TAJb05c20170214lUCH01h1137 aE5765TAJb05c20170214lUCH01h113814aFrutaxPérdidas postcosecha.94364814aHigoxEnfermedades.95534314aHongos patógenos.956136 aFinding aiduhttp://10.13.5.2/tesis/sist112915.pdfzTeclea aquí aBK cTESIS n0 c109376d109376 00102local4053708TESISaBCbBCcPA_TESISd2017-02-14fTESISl0oTesisp33724002534504r2019-12-31 00:00:00tc.2w2019-12-31yTESIS 00104054718TESISaBCbBCd2017-02-14fTESISl0oTesisp33724002534545r2019-12-31 00:00:00w2019-12-31yTESISzRecien adquirido